00420nam a2200145Ia 4500008004100000041000900041082001700050100001800067245002700085260003500112300000800147650000800155999001700163952009400180230718s9999 xx 000 0 und d aEng. a314.5bMAH-M aMahmood iqbal 0aMedical Jusispreduence aPakistanbImran law bookc2011 a376 aLaw c30436d30436 00104070aSIRC-LbSIRC-Ld2023-07-18l0o314.5 MAH-Mp25387r2023-07-18w2023-07-18yBK